Anime by main character - Statistics

General Stats
  • This quiz has been taken 69 times
  • The average score is 73 of 206
Answer Stats
Picture Answer % Correct
One punch man
89%
Naruto
85%
One piece
85%
Dragon ball
83%
My hero academia
83%
Demon slayer
81%
Jujutsu kaisen
81%
Pokemon
81%
Sailor moon
81%
Bleach
80%
Blue lock
80%
Death note
80%
Hunter x Hunter
80%
Dr Stone
78%
Frieren
78%
Berserk
76%
Black clover
76%
Chainsaw man
76%
Vinland saga
76%
Attack on Titan
74%
Tokyo ghoul
74%
Fullmetal alchemist
72%
Re Zero
72%
Code Geass
70%
Dandadan
70%
Fire force
70%
Mob psycho 100
70%
Yu gi oh
70%
Food wars
69%
Spy x Family
69%
The disastrous life of Saiki K
69%
Fairy tail
67%
Mashle
67%
Sakamoto days
67%
Cyberpunk Edgerunners
65%
Hells paradise
65%
Jojos bizarre adventure
65%
Sword art online
63%
Gintama
61%
My dress up darling
61%
Oshi no ko
61%
Your lie in april
59%
Neon genesis Evangelion
57%
Hajime no ippo
56%
Kaguya sama Love is war
56%
Overlord
56%
Steins gate
56%
Silent voice
54%
The rising of the Shield Hero
54%
Assassination classroom
52%
Blue exorcist
52%
Cowboy Bebop
52%
Gachiakuta
52%
Konosuba
52%
Kuroko no basket
52%
Spirited away
52%
Violet Evergarden
52%
Akame ga kill
50%
Made in abyss
50%
Monster
50%
Kaiju no 8
48%
Kakegurui
48%
Rascal does not dream of Bunny girl senpai
48%
Death parade
46%
Fate
46%
Nana
46%
Soul eater
46%
Apothecary diaries
44%
Charlotte
44%
K on
44%
No game No life
44%
That time I got reincarnated as a Slime
44%
Another
43%
Your name
43%
Alya sometimes hides her feelings in russian
41%
Bocchi the Rock
41%
Horimiya
41%
Kill la kill
41%
Noragami
41%
Yu Yu Hakusho
41%
Blue box
39%
Gurren Lagann
39%
Hellsing
39%
Samurai Champloo
39%
The summer Hikaru died
39%
Toradora
39%
Golden time
37%
Goblin slayer
35%
Highschool DxD
35%
Magi
35%
My hero academia Vigilantes
35%
Shangri la frontier
35%
Black lagoon
33%
Erased
33%
Madoka magica
33%
Maid sama
33%
Reborn as a vending machine I now wander the dungeon
33%
Trigun
33%
Zom100
33%
Great teacher Onizuka
31%
Odd taxi
31%
Parasyte
31%
Seraph of the end
31%
Call of the night
30%
Dororo
30%
I want to eat your pancreas
30%
Porco Rosso
30%
Takopis original sin
30%
Akira
28%
Black butler
28%
Fragrant flower blooms with dignity
28%
Fruits basket
28%
Lucky star
28%
Nisekoi
28%
Plastic memories
28%
Angel beats
26%
Darling in the Franxx
26%
Dorohedoro
26%
Future diary
26%
More than a married couple but not lovers
26%
Oregairu
26%
Dungeon meshi
24%
Mushishi
24%
Ouran highschool host club
24%
Prison school
24%
Shikanoko Nokonoko Koshitantan
24%
Umamusume pretty derby
24%
You and i are polar opposites
24%
86
22%
Is it wrong to try to pick up girls in a dungeon
22%
Melancholy of Haruhi Suzumiya
22%
Miss Kobayashis dragon maid
22%
My love story
22%
Nichijou
22%
Saga of Tanya the evil
22%
Serial Experiments Lain
22%
Blend S
20%
Kagurabachi
20%
Kimi ni todoke
20%
The Way of the Househusband
20%
Yona of the dawn
20%
Clannad
19%
Quintessential quintuplets
19%
Havent you heard Im Sakamoto
17%
Heavenly delusion
17%
Initial D
17%
Look back
17%
Lycoris recoil
17%
My little monster
17%
The 100 Girlfriends Who Really, Really, Really, Really, Really Love You
17%
Undead unluck
17%
A certain Scientific Railgun
15%
Bobobo bo Bo bobo
15%
Persona 5 the animation
15%
Witch watch
15%
Wotakoi
15%
Ashita no joe
13%
Azumanga daioh
13%
Blue spring ride
13%
Deadman wonderland
13%
Girls last tour
13%
Kokoro connect
13%
Sound Euphonium
13%
Space Dandy
13%
To love Ru
13%
Welcome to demon school Iruma kun
13%
Ancient magus bride
11%
FLCL
11%
Golden Kamuy
11%
Log horizon
11%
Persona 3 the animation
11%
Welcome to the NHK
11%
Baccano
9%
Grand blue
9%
Love Chuuniboy and other delusions
9%
Lovely complex
9%
Monogatari
9%
Ruri dragon
9%
Summer time rendering
9%
Zombieland saga
9%
Date a live
7%
Girls band cry
7%
Go go loser ranger
7%
Mission Yozakura family
7%
No longer allowed in another world
7%
Persona 4 the animation
7%
ReLife
7%
Rock is a Ladys modesty
7%
Shimoneta
7%
Sleepy princess in the demon castle
7%
Kindergarten WARS
6%
Watamote
6%
Yuru camp
6%
Airgear
4%
Insomniacs after school
4%
Jormungand
4%
Kubo wont let me be invisible
4%
Ruri rocks
4%
D gray man
2%
Girls und Panzer
2%
Gun x Sword
2%
Hetalia
2%
How to raise a boring girlfriend
2%
Joshiraku
2%
Keep your hands off Eizouken
2%
New game
2%
No matching quizzes found
Score Distribution
Percent of People with Each Score
Percentile by Number Answered
Your Score History
You have not taken this quiz